6 derece (Record no. 346)

MARC details
000 -BAŞLIK
Sabit Uzunlukta Kontrol Alanı 00871na a2200277 4500
001 - KONTROL NUMARASI
Denetim Alanı 17037
003 - KONTROL NUMARASI IDENTIFIER
Denetim Alanı MIRAKIL
005 - SON İŞLEM TARİHİ VE ZAMANI
Denetim Alanı 20181213154745.0
008 - SABİT-BOY VERİ ELEMANLARI - GENEL BİLGİLER
Sabit Uzunlukta Kontrol Alanı 161021b tu 000 0
020 ## - ULUSLARARASI STANDART KİTAP NUMARASI
Uluslararası Standart Kitap Numarası 9786055813116
040 ## - KATALOGLAMA KAYNAK
Orijinal Kataloglama Ajansı Milas
Kataloglama Dili tur
Metne Dönüştürmek Ajansı TR-AnCHP
041 ## - DİL KODU
Metin / Ses Parça Veya Ayrı Başlığın Dil Kodu tur
082 ## - DEWEY ONLU SINIFLANDIRMA NUMARASI
Sınıflandırma Numarası 304.25
Ürün Numarası L95a 2008
090 ## - SINIFLAMA NUMARASI
Sınıflama Numarası 304.25 L95a 2008
100 ## - ANA GİRİŞ - KİŞİSEL İSİM
Kişisel Ad Lynas, Mark
245 ## - BAŞLIK TABLOSU
Başlık 6 derece
Başlığın Kalan her bir derecelik ısınmanın bedeli
Sorumluluk Tablosu, Vb Mark Lynas; İngilizceden çevirenler: Duygu Akın, Kutlukhan Kutlu, Aysun Yavuz
260 ## - YAYIN, DAĞITIM, VB
Yayın, Dağıtım, Vb Yeri İstanbul
Yayıncı, Dağıtıcı, Vs Adı NTV yayınları
Yayın, Dağıtım, Vb Tarihi 2008
300 ## - FİZİKSEL TANIM
Kapsam xv, 277 s.
Boyutlar 23 sm.
500 ## - GENEL NOT
Genel Not Eserin özgün adı: Six degress our future on a hotter planet
504 ## - KAYNAKÇA VB NOT
Kaynakça Vb Notu Dizin (270-277) var.
650 ## - KONU KATMA GİRİŞ - TOPİKAL DÖNEM
Topikal Süreli Veya Coğrafi Ad Giriş Elemanı Küresel ısınma
Genel Alt Bölümü İklim değişikliği
700 ## - KATMA GİRİŞ - KİŞİSEL İSİM
Kişisel Ad Yavuz, Aysun
700 ## - KATMA GİRİŞ - KİŞİSEL İSİM
Kişisel Ad Kutlu, Kutluhan
700 ## - KATMA GİRİŞ - KİŞİSEL İSİM
Kişisel Ad Akın, Duygu
942 ## - EKLENDİ GİRİŞ ELEMANLARI (KOHA)
Sınıflandırma Veya Raf Düzeni Kaynak Dewey Decimal Classification
Koha Öğesi Türü Books
999 ## - SİSTEM KONTROL NUMARALARI (KOHA)
Koha Biblionumber 346
Koha Biblioitemnumber 346
Holdings
Kalıcı Konum Mevcut Konum Edinme Tarihi Edinim Kaynak Toplam Check-Out'Lar Tam Çağrı Numarası Barkod Tarih Son Görülme İtibaren Geçerli Fiyatlar Koha Öğesi Türü
CHP Kütüphanesi CHP Kütüphanesi 10/21/2016 Bağış   304.25 L95a 2008 006980 10/21/2016 10/21/2016 Books